=LDR 00000nam 2200000 4500 =001 INLIS000000001052262 =005 20240820084055 =035 ##$$a 0010-0824000080 =007 ta =008 240820################a##########j#|## =020 ##$$a 978-89-540-2594-2 =082 ##$$a 028.55 =084 ##$$a 028.55 BAN b =100 #$$a Bang Jeong-hwan =245 1#$$a Baju lama /$c Bang Jeong-hwan =250 ##$$a Cet. 1 =260 ##$$a Seoul :$b Daekyo,$c 2008 =300 ##$$a 37 hlm. : $b ilus. ; $c 28 cm =650 #4$$a Bacaan kanak-kanak =990 ##$$a 16431643